ბათუმის შოთა რუსთაველის სახელმწიფო უნივერსიტეტის ბიბლიოთეკა

ტექნიკური თერმოდინამიკის საფუძვლები / (ბიბ.ჩანაწერი № 39589)

000 -ლიდერი
ფიქსირებული სიგრძის საკონტროლო ველი 00818nam a2200193Ia 4500
001 - საკონტროლო ნომერი
საკონტროლო ველი 6189
003 - საკონტროლო ნომრის იდენტიფიკატორი
საკონტროლო ველი GE_BSU
005 - ბოლო ოპერაციის თარიღი და დრო
საკონტროლო ველი 20190621145725.0
008 - ფიქსირებული სიგრძის მონაცემთა ელემენტები - ზოგადი ინფორმაცია
ფიქსირებული სიგრძის საკონტროლო ველი 181216s1979||||ge |||||||||||||| ||geo||
041 ## - ენის კოდი
Language code of text/sound track or separate title geo
080 ## - უნივერსალური ათობითი კლასიფიკაციის ინდექსი
Universal Decimal Classification number 621.1.016(075.8) გ-66
100 ## - მთავარი ჩანაწერი - პიროვნების სახელი
Personal name გომელაური, ვ.
9 (RLIN) 2727
245 ## - ცნობა სათაურის შესახებ
Title ტექნიკური თერმოდინამიკის საფუძვლები /
Statement of responsibility, etc ვ. გომელაური ; რედ : ლ. მაღულარია.
264 ## - წარმოების, გამოცემის, დისტრიბუციის და სხვა ცნობები
გამოცემის, წარმოების, დისტრიბუციის... ადგილი თბილისი :
გამოცემის, წარმოების, დისტრიბუციის... სახელწოდება განათლება,
გამოცემის, წარმოების, დისტრიბუციის... თარიღი 1979.
300 ## - ფიზიკური აღწერა
Extent 319 გვ .:
Other physical details ცხრ ;
Dimensions 21სმ.
653 ## - INDEX TERM--UNCONTROLLED
Uncontrolled term ტექნიკური თერმოდინამიკა
700 ## - ADDED ENTRY--PERSONAL NAME
Personal name მაღულარია, რ
Relator term რედაქტორი
9 (RLIN) 2728
942 ## - ADDED ENTRY ELEMENTS (KOHA)
Koha item type წიგნი
Source of classification or shelving scheme
ეგზემპლარები
ჩამოწერის სტატუსი დაკარგული ეგზემპლარის სტატუსი კლასიფიკაციის წყარო ან თაროზე გაწყობის სქემა დაზიანების სტატუსი არ გაიცემა მუდმივი მდებარეობა (დაცვის ადგილი) ამჟამინდელი ადგილსამყოფელი თაროზე განთავსების ადგილი შეძენის თარიღი ღირებულება, შესყიდვის ნორმალური ფასი სრული შენახვის შიფრი შტრიხკოდი ბოლო ოპერაციის თარიღი ეგზემპლარის მიმდევრობითი ნომერი (კეტერი?) ფასის ძალაში შესვლის თარიღი ეგზემპლარის სახეობა საჯარო შენიშვნა
          ტექნოლოგიური ფაკულტეტის ბიბლიოთეკა ტექნოლოგიური ფაკულტეტის ბიბლიოთეკა წიგნსაცავი 2018-12-17 1.00 621.1.016(075.8) გ-66 10656 2018-12-17 10656 2018-12-17 წიგნი 1 ლ. 50 თ.
          ტექნოლოგიური ფაკულტეტის ბიბლიოთეკა ტექნოლოგიური ფაკულტეტის ბიბლიოთეკა წიგნსაცავი 2019-06-21 1.00 621.1.016(075.8) გ-66 10657 2019-06-21 10657 2019-06-21 წიგნი 1 ლ. 50 თ.
          ტექნოლოგიური ფაკულტეტის ბიბლიოთეკა ტექნოლოგიური ფაკულტეტის ბიბლიოთეკა წიგნსაცავი 2019-06-21 1.00 621.1.016(075.8) გ-66 10658 2019-06-21 10658 2019-06-21 წიგნი 1 ლ. 50 თ.